Gaming Quiz

Random Gaming or Video Games Quiz
Score 0/18 Timer 04:00
3 Plays Today
% Correct
Two-handed
95.3%
One-handed
95.3%
Destruction
93.5%
Sneak
93.2%
Archery
90.9%
Restoration
83.4%
Block
83.3%
Conjuration
82.2%
Heavy Armor
82.1%
% Correct
Lockpicking
81.9%
Light Armor
81.6%
Illusion
81.4%
Pickpocket
81%
Alteration
78.2%
Alchemy
77.4%
Smithing
77.2%
Enchanting
75%
Speech
69.8%

You're not logged in!

Compare scores with friends on all Sporcle quizzes.
OR
Log In

Sporcle TV

Today on Sporcle TV


Watch our educational content, quiz creation guides, and fun videos on Sporcle TV.

Show Comments

Extras

Top Quizzes Today


Score Distribution

Paid Content

Your Account Isn't Verified!

In order to create a playlist on Sporcle, you need to verify the email address you used during registration. Go to your Sporcle Settings to finish the process.

Report this User

Report this user for behavior that violates our Community Guidelines.

Details: